<?xml version="1.0" encoding="UTF-8"?>
<marc:record xmlns:marc="http://www.loc.gov/MARC21/slim">
   <marc:leader>00000nam a2200000 a 4500</marc:leader>
   <marc:datafield ind1="1" ind2=" " tag="100">
      <marc:subfield code="a">Kaiser, Karina</marc:subfield>
      <marc:subfield code="4">aut</marc:subfield>
      <marc:subfield code="e">Verfasser/-in</marc:subfield>
   </marc:datafield>
   <marc:datafield ind1=" " ind2=" " tag="653">
      <marc:subfield code="a">Rückwärtssprechen</marc:subfield>
   </marc:datafield>
   <marc:datafield ind1=" " ind2=" " tag="653">
      <marc:subfield code="a">Unbewusstes</marc:subfield>
   </marc:datafield>
   <marc:datafield ind1=" " ind2=" " tag="653">
      <marc:subfield code="a">Esoterik</marc:subfield>
   </marc:datafield>
   <marc:datafield ind1=" " ind2=" " tag="653">
      <marc:subfield code="a">Unterbewusstsein</marc:subfield>
   </marc:datafield>
   <marc:datafield ind1=" " ind2=" " tag="653">
      <marc:subfield code="a">Götter</marc:subfield>
   </marc:datafield>
   <marc:datafield ind1=" " ind2=" " tag="653">
      <marc:subfield code="a">Nahrung</marc:subfield>
   </marc:datafield>
   <marc:datafield ind1=" " ind2=" " tag="653">
      <marc:subfield code="a">Medien</marc:subfield>
   </marc:datafield>
   <marc:datafield ind1=" " ind2=" " tag="653">
      <marc:subfield code="a">Menschen</marc:subfield>
   </marc:datafield>
   <marc:datafield ind1=" " ind2=" " tag="653">
      <marc:subfield code="a">geheime Botschafte</marc:subfield>
   </marc:datafield>
   <marc:datafield ind1=" " ind2=" " tag="653">
      <marc:subfield code="a">Softcover / Sachbücher/Psychologie</marc:subfield>
   </marc:datafield>
   <marc:datafield ind1=" " ind2=" " tag="653">
      <marc:subfield code="a">Spiritualität</marc:subfield>
   </marc:datafield>
   <marc:datafield ind1=" " ind2=" " tag="653">
      <marc:subfield code="a">Anthroposophie</marc:subfield>
   </marc:datafield>
   <marc:datafield ind1="0" ind2="0" tag="245">
      <marc:subfield code="a">Unterwegs durchs Unbewusste</marc:subfield>
   </marc:datafield>
   <marc:datafield ind1="0" ind2="0" tag="245">
      <marc:subfield code="b">Reverse Speech - die Sprache der inneren Wahrheit</marc:subfield>
   </marc:datafield>
   <marc:datafield ind1="0" ind2="0" tag="245">
      <marc:subfield code="c">Karina Kaiser</marc:subfield>
   </marc:datafield>
   <marc:datafield ind1=" " ind2="1" tag="264">
      <marc:subfield code="a">Peiting</marc:subfield>
      <marc:subfield code="b">Michaels-Verl.</marc:subfield>
      <marc:subfield code="c">2010</marc:subfield>
   </marc:datafield>
   <marc:datafield ind1=" " ind2=" " tag="250">
      <marc:subfield code="a">1. Aufl.</marc:subfield>
   </marc:datafield>
   <marc:datafield ind1="1" ind2=" " tag="520">
      <marc:subfield code="a">Angaben aus der Verlagsmeldung

Unterwegs durchs Unbewusste - Reverse Speech : Die Sprache der inneren Wahrheit / von Karina Kaiser

Was wäre, wenn andere Menschen unsere Gedanken hören
könnten? Mit der außergewöhnlichen Methode von Reverse
Speech™ gibt es erstmals einen Weg, die in unserer
Sprache verborgenen Botschaften des Unbewussten hörbar
zu machen. Mit vielen spannenden Beispielen führt die
Autorin den Leser immer tiefer in das Unbewusste, bis hin
sogar zur Seele. Sie beschreibt zum einen, wie diese Methode
im Bereich der Selbstentwicklung angewandt wird,
und zum anderen ihre Anwendung, den Wahrheitsgehalt
aller aktuellen sowie zeitgeschichtlichen Ereignisse der Welt
zu überprüfen.
Zum ersten Mal wird Reverse Speech in deutscher Sprache
vorgestellt. Spannend, inspirierend, des Öfteren schokkierend
und dennoch humorvoll geschrieben, ist der Leser
wahrhaftig „unterwegs durchs Unbewusste“ auf eine Art
und Weise, die ihn in Erstaunen versetzen wird.
Über die Autorin: Karina Kaiser ist gebürtige Deutsche und
lebt mit ihren Kindern Ayla und Luke zur Zeit in Australien.
Seit 2002 forscht und arbeitet sie mit der Methode des Reverse
Speech, sogar ihre Kinder kommen in diesem Buch
vor- und rückwärts zu Wort. Sie berät weltweit Einzelpersonen
und Paare, sowie auch Unternehmer und Geschäftsleute.
Jedes Jahr hält sie in Europa Seminare und Vorträge
ab. Sie bietet auch regelmäßige Kurse im Online-Reverse-
Speech-Studium in deutscher Sprache an.
</marc:subfield>
   </marc:datafield>
   <marc:datafield ind1=" " ind2=" " tag="020">
      <marc:subfield code="a">9783895391699</marc:subfield>
      <marc:subfield code="9">9783895391699</marc:subfield>
   </marc:datafield>
   <marc:datafield ind1=" " ind2=" " tag="041">
      <marc:subfield code="a">ger</marc:subfield>
   </marc:datafield>
   <marc:datafield ind1=" " ind2=" " tag="300">
      <marc:subfield code="a">268 S.</marc:subfield>
   </marc:datafield>
</marc:record>
